000
00262nam a22000857a 4500
008
231208b |||||||| |||| 00| 0 eng d
020
_a
9789389962758
100
_a
Goyal Brothers Prakashan
_9
6083
245
_a
NCERT MATHEMATICS CLASS X BASIC AND STANDARD QUESTION BANK
999
_c
12509
_d
12509